000
00263nam a2200109Ia 4500
008
200302s9999 xx 000 0 und d
100
_a
Harry Holland
245
_a
Travellers Architecture
260
_b
George G. Harrap & Co. Ltd.
260
_c
1971
300
_a
223 P.,
999
_c
374
_d
374